Capital Cites of Republic of China (Taiwan) Since 1912 - Statistics

General Stats
  • This quiz has been taken 32 times
  • The average score is 9 of 10
Answer Stats
From To Capital City % Correct
1912.3.10 1928.6.8 Peking
100%
1937.11.21 1946.5.5 Chungking
93%
1949.10.12 1949.11.29 Chungking
93%
1912.1.1 1912.3.10 Nanking
93%
1928.6.8 1937.11.17 Nanking
93%
1946.5.5 1949.2.5 Nanking
93%
1949.12.7 now Taipei
93%
1949.2.5 1949.10.12 Canton
81%
1937.11.17 1937.11.21 Hankou
81%
1949.11.29 1949.12.7 Chengtu
78%
No matching quizzes found
Score Distribution
Percent of People with Each Score
Percentile by Number Answered
Your Score History
You have not taken this quiz